[Event "NED-ch U15 Girls"]
[Site "Venlo"]
[Date "2008.05.02"]
[Round "8"]
[White "Snikkers, Tabitha"]
[Black "Hortensius, Myrre"]
[Result "0-1"]
[WhiteElo "1503"]
[BlackElo "1794"]
[PlyCount "62"]
[EventDate "2008.04.28"]
[EventType "swiss"]
[EventRounds "9"]
[EventCountry "NED"]
[SourceTitle "CBM 123 Extra"]
[Source "ChessBase"]
[SourceDate "2008.05.06"]
[SourceVersion "1"]
[SourceVersionDate "2008.05.06"]
[SourceQuality "1"]

1. d4 d5 2. c4 c6 3. Nc3 Nf6 4. Nf3 e6 5. Bf4 Bd6 6. Bxd6 Qxd6 7. e3 Nbd7 8. Qc2 0-0 9. 0-0-0 a5 10. Nd2 Re8 11. Be2 Qc7 12. g4 dxc4 13. Nxc4 b5 14. Nd2 Qb6 15. g5 Nd5 16. Nxd5 cxd5 17. Kb1 Bb7 18. h4 b4 19. h5 Rec8 20. Qa4 Bc6 21. Qb3 e5 22. dxe5 Nxe5 23. Rc1 a4 24. Qd1 d4 25. Rh3 Bd7 26. Rg3 Rxc1+ 27. Qxc1 Rc8 28. Qf1 Qc6 29. Qd1 d3 30. Bf3 Qc2+ 31. Qxc2 dxc2+ 0-1

[Event "NED-ch U15 Girls"]
[Site "Venlo"]
[Date "2008.04.30"]
[Round "5"]
[White "Snikkers, Tabitha"]
[Black "Slotboom, Annemarie"]
[Result "1/2-1/2"]
[WhiteElo "1503"]
[BlackElo "1252"]
[PlyCount "114"]
[EventDate "2008.04.28"]
[EventType "swiss"]
[EventRounds "9"]
[EventCountry "NED"]
[SourceTitle "CBM 123 Extra"]
[Source "ChessBase"]
[SourceDate "2008.05.06"]
[SourceVersion "1"]
[SourceVersionDate "2008.05.06"]
[SourceQuality "1"]

1. d4 e6 2. c4 f5 3. Nf3 Nf6 4. Nc3 Nc6 5. Bf4 d6 6. e3 Be7 7. h3 Bd7 8. Qd2 h6 9. 0-0-0 g5 10. Bh2 Ne4 11. Nxe4 fxe4 12. Ne1 d5 13. Kb1 Bb4 14. Qc2 Rf8 15. Be2 Qf6 16. Bh5+ Kd8 17. Rf1 Bxe1 18. Rdxe1 b6 19. Bg4 a5 20. a3 Ne7 21. cxd5 Bb5 22. Qxc7+ Ke8 23. Bh5+ Ng6 24. Bxg6+ Qxg6 25. dxe6 Bd3+ 26. Ka1 Qxe6 27. Rg1 Rxf2 28. g4 Rc8 29. Qe5 Qxe5 30. Bxe5 Rcc2 31. d5 Ke7 32. Rc1 Bc4 33. Rxc2 Rxc2 34. Rd1 Be2 35. d6+ Kd7 36. Re1 Bc4 37. Kb1 Bd3 38. Ka1 Be2 39. Bg7 h5 40. gxh5 Bxh5 41. Kb1 Rh2 42. Bd4 b5 43. Rg1 Kxd6 44. Rxg5 Rxh3 45. Rxb5 Rh1+ 46. Kc2 Rh2+ 47. Kc3 a4 48. Be5+ Kc6 49. Rb4 Rh3 50. Rxe4 Kd5 51. Rxa4 Rxe3+ 52. Kc2 Bg6+ 53. Kd2 Rd3+ 54. Kc1 Kxe5 55. Ra5+ Ke6 56. b4 Rc3+ 57. Kb2 Rc2+ 1/2-1/2

[Event "NED-ch U13 Girls"]
[Site "Rijswijk"]
[Date "2007.05.17"]
[Round "2"]
[White "Meng, Olivia"]
[Black "Snikkers, Tabitha"]
[Result "0-1"]
[WhiteElo "1192"]
[BlackElo "1356"]
[PlyCount "98"]
[EventDate "2007.05.17"]
[EventType "swiss"]
[EventRounds "9"]
[EventCountry "NED"]
[SourceTitle "EXT 2009"]
[Source "ChessBase"]
[SourceDate "2008.11.26"]
[SourceVersion "1"]
[SourceVersionDate "2008.11.26"]
[SourceQuality "1"]

1. e4 c5 2. Nf3 d6 3. d4 cxd4 4. Nxd4 Nf6 5. Nc3 g6 6. Be3 Bg7 7. Be2 0-0 8. Qd2 Nc6 9. 0-0 Bd7 10. Nf3 Qc7 11. Bh6 Rfc8 12. Bc4 Ne5 13. Nxe5 dxe5 14. Bd5 e6 15. Bb3 Bh8 16. Rad1 Rd8 17. Qe3 Ng4 18. Qf3 Nxh6 19. Qh3 Bg7 20. Ne2 Bb5 21. Rxd8+ Rxd8 22. Re1 Bxe2 23. Qe3 Ba6 24. h3 Kh8 25. Qxa7 Ng8 26. Qe3 Nf6 27. Kh1 Rd6 28. Kg1 Qd8 29. c3 Rd3 30. Qc5 Rd2 31. Qxe5 Rxb2 32. Rd1 Rd2 33. Re1 Nd5 34. Qg3 Ne7 35. Qf3 Rd3 36. Qxf7 Qf8 37. Qxe6 Rd2 38. f3 Bxc3 39. Rc1 Bd4+ 40. Kh1 Rf2 41. e5 Nc6 42. Bd5 Rf1+ 43. Rxf1 Bxf1 44. a4 Nxe5 45. f4 Nd3 46. Kh2 Qxf4+ 47. Kh1 Nf2+ 48. Kg1 Ng4+ 49. Kh1 Qh2# 0-1

[Event "NED-ch U15 Girls"]
[Site "Venlo"]
[Date "2007.05.04"]
[Round "8"]
[White "Snikkers, Tabitha"]
[Black "Bitalzadeh, Mahsa"]
[Result "1/2-1/2"]
[WhiteElo "1366"]
[BlackElo "1180"]
[PlyCount "127"]
[EventDate "2007.04.30"]
[EventType "swiss"]
[EventRounds "9"]
[EventCountry "NED"]
[SourceTitle "EXT 2009"]
[Source "ChessBase"]
[SourceDate "2008.11.26"]
[SourceVersion "1"]
[SourceVersionDate "2008.11.26"]
[SourceQuality "1"]

1. c4 e5 2. Nc3 Nc6 3. Nf3 Nf6 4. g3 b6 5. Bg2 Bb7 6. 0-0 Bc5 7. d3 0-0 8. a3 a5 9. Nxe5 d5 10. Nf3 dxc4 11. dxc4 Nd4 12. Rb1 Nxf3+ 13. Bxf3 Bxf3 14. Qxd8 Raxd8 15. exf3 Rfe8 16. Bf4 Bd6 17. Bxd6 Rxd6 18. Nb5 Rd7 19. Rfd1 Red8 20. Re1 c6 21. Nc3 Re8 22. Na4 b5 23. cxb5 cxb5 24. Nc3 b4 25. axb4 axb4 26. Ne4 Nxe4 27. fxe4 Rde7 28. f3 f5 29. Re2 fxe4 30. Rbe1 e3 31. f4 Kf7 32. Kg2 Rd8 33. Kf3 Rd2 34. Rxd2 exd2 35. Rxe7+ Kxe7 36. Ke2 Kd6 37. Kxd2 Kc5 38. Kd3 Kd5 39. g4 h6 40. g5 h5 41. f5 Ke5 42. f6 gxf6 43. gxf6 Kxf6 44. Kc4 Ke6 45. Kxb4 Kd6 46. Kb5 Kc7 47. Kc5 h4 48. b4 h3 49. b5 Kb7 50. b6 Kb8 51. Kc6 Kc8 52. b7+ Kb8 53. Kd5 Kxb7 54. Ke4 Kc7 55. Kf4 Kd7 56. Kg4 Ke7 57. Kxh3 Kf7 58. Kg4 Kg8 59. Kg5 Kh8 60. Kg6 Kg8 61. h4 Kh8 62. h5 Kg8 63. h6 Kh8 64. h7 1/2-1/2

[Event "NED-ch U15 Girls"]
[Site "Venlo"]
[Date "2007.05.01"]
[Round "2"]
[White "Snikkers, Tabitha"]
[Black "Warmelink, Evie"]
[Result "1-0"]
[WhiteElo "1366"]
[BlackElo "1675"]
[PlyCount "85"]
[EventDate "2007.04.30"]
[EventType "swiss"]
[EventRounds "9"]
[EventCountry "NED"]
[SourceTitle "EXT 2009"]
[Source "ChessBase"]
[SourceDate "2008.11.26"]
[SourceVersion "1"]
[SourceVersionDate "2008.11.26"]
[SourceQuality "1"]

1. c4 e5 2. Nc3 Nc6 3. Nf3 g6 4. g3 Bg7 5. Bg2 f5 6. 0-0 Nf6 7. d3 0-0 8. Bg5 h6 9. Bd2 d6 10. Rb1 g5 11. b4 Qe8 12. b5 Ne7 13. Qc1 Qh5 14. Qa3 Be6 15. Nxe5 dxe5 16. Qxe7 Rf7 17. Qc5 b6 18. Qc6 Re8 19. Qf3 Qg6 20. Rb3 h5 21. Ra3 f4 22. Ne4 Bg4 23. Nxf6+ Qxf6 24. Qe4 Bf5 25. Qf3 g4 26. Qc6 Re6 27. Qa8+ Rf8 28. Qb7 Re7 29. Rxa7 f3 30. exf3 Kh8 31. Bb4 Ref7 32. Bxf8 Bxf8 33. Qd5 Rd7 34. Qc6 Rd6 35. Qxc7 gxf3 36. Bxf3 Bxd3 37. Bg2 Bg7 38. Rd1 Qg6 39. Ra8+ Kh7 40. Ra7 Rd4 41. Qxe5 Rd8 42. Be4 Bxe4 43. Rxd8 1-0

[Event "NED-ch U13 Girls"]
[Site "Rijswijk"]
[Date "2006.05.27"]
[Round "9"]
[White "Snikkers, Tabitha"]
[Black "De Vries, Emma"]
[Result "1-0"]
[WhiteElo "1180"]
[BlackElo "1193"]
[PlyCount "95"]
[EventDate "2006.05.25"]
[EventType "swiss"]
[EventRounds "9"]
[EventCountry "NED"]
[SourceTitle "EXT 2009"]
[Source "ChessBase"]
[SourceDate "2008.11.26"]
[SourceVersion "1"]
[SourceVersionDate "2008.11.26"]
[SourceQuality "1"]

1. c4 e5 2. Nc3 Nc6 3. Nf3 Nf6 4. d3 Be7 5. g3 d6 6. Bg2 Be6 7. 0-0 d5 8. cxd5 Nxd5 9. Rb1 0-0 10. Qc2 b6 11. a3 Bf6 12. b4 e4 13. Nxd5 Bxd5 14. dxe4 Be6 15. Qxc6 Qd6 16. Qxd6 cxd6 17. Bb2 Be7 18. e5 dxe5 19. Nxe5 Rac8 20. Rbc1 Rcd8 21. Nc6 Rd7 22. Nxe7+ Rxe7 23. Be5 Bf5 24. Bd6 Rxe2 25. Bxf8 Kxf8 26. Rc7 a5 27. Rd1 g6 28. bxa5 bxa5 29. Rc5 a4 30. Bc6 Bc2 31. Rc1 Bb3 32. Ra1 Ke7 33. Ra5 Be6 34. Rxa4 Kd6 35. Bf3 Rc2 36. Rd4+ Ke5 37. Re4+ Kd6 38. a4 Rc3 39. Bg2 Rc7 40. a5 Ra7 41. a6 Bc8 42. Bf1 Kc7 43. Re7+ Bd7 44. Bb5 Kd6 45. Rxd7+ Rxd7 46. Bxd7 Kxd7 47. a7 Kd6 48. a8Q 1-0

[Event "NED-ch U13 Girls"]
[Site "Rijswijk"]
[Date "2006.05.26"]
[Round "5"]
[White "Meng, Olivia"]
[Black "Snikkers, Tabitha"]
[Result "0-1"]
[WhiteElo "1142"]
[BlackElo "1180"]
[PlyCount "100"]
[EventDate "2006.05.25"]
[EventType "swiss"]
[EventRounds "9"]
[EventCountry "NED"]
[SourceTitle "EXT 2009"]
[Source "ChessBase"]
[SourceDate "2008.11.26"]
[SourceVersion "1"]
[SourceVersionDate "2008.11.26"]
[SourceQuality "1"]

1. e4 c5 2. Nf3 d6 3. d4 cxd4 4. Nxd4 Nf6 5. Nc3 g6 6. Be3 Bg7 7. f3 0-0 8. Qd2 Nc6 9. Bd3 Bd7 10. 0-0-0 Qa5 11. g4 Nxd4 12. Bxd4 Be6 13. a3 Rfc8 14. g5 Nh5 15. Bxg7 Nxg7 16. h4 Rc5 17. f4 Rac8 18. Ne2 Qxd2+ 19. Rxd2 Bb3 20. c3 a5 21. Nd4 Be6 22. f5 Ba2 23. f6 exf6 24. gxf6 Nh5 25. Rg1 Nxf6 26. Nf5 Rd8 27. Nh6+ Kf8 28. Rf2 Ke7 29. Rgf1 Nh5 30. Rxf7+ Bxf7 31. Rxf7+ Ke6 32. Rxh7 Rd7 33. Rh8 Nf6 34. Bf1 Rh7 35. Rd8 Rxh6 36. Rb8 Nxe4 37. Rxb7 Rxh4 38. Rg7 Kf6 39. Rd7 Rh1 40. Kd1 Rxf1+ 41. Ke2 Rf4 42. Ke3 Kg5 43. Rg7 Nxc3 44. bxc3 Rxc3+ 45. Kd2 Rxa3 46. Re7 Rf2+ 47. Ke1 Raa2 48. Rb7 Rh2 49. Rb5+ Kh6 50. Kf1 Rh1# 0-1

[Event "NED-ch U13 Girls"]
[Site "Rijswijk"]
[Date "2005.05.07"]
[Round "8"]
[White "Van Egdom, Mandy"]
[Black "Snikkers, Tabitha"]
[Result "0-1"]
[WhiteElo "1230"]
[BlackElo "1099"]
[PlyCount "84"]
[EventDate "2005.05.05"]
[EventType "swiss"]
[EventRounds "9"]
[EventCountry "NED"]
[SourceTitle "EXT 2013"]
[Source "ChessBase"]
[SourceDate "2012.11.22"]
[SourceVersion "1"]
[SourceVersionDate "2012.11.22"]
[SourceQuality "1"]

1. e4 c5 2. Nc3 d6 3. Nf3 Nf6 4. Bc4 g6 5. d3 Bg7 6. 0-0 0-0 7. Be3 Nc6 8. Qd2 Bg4 9. Qd1 Ne5 10. h3 Nxf3+ 11. gxf3 Bxh3 12. Re1 Qc7 13. Nd5 Nxd5 14. exd5 Bxb2 15. Rb1 Bg7 16. Qd2 Qd7 17. d4 Qf5 18. Be2 cxd4 19. Bh6 Qxd5 20. Bxg7 Kxg7 21. c3 e5 22. Kh2 Be6 23. Rb5 Qxa2 24. Qxa2 Bxa2 25. cxd4 exd4 26. Rxb7 Rfe8 27. Kg1 d3 28. Ra1 dxe2 29. Re1 Bd5 30. Rb2 Bxf3 31. Rd2 d5 32. Rd3 Be4 33. Re3 Rab8 34. R3xe2 Kf8 35. Ra1 Rb1+ 36. Rxb1 Bxb1 37. Rd2 Rd8 38. Rb2 Bf5 39. Ra2 d4 40. Rxa7 d3 41. Ra1 d2 42. Rd1 Bg4 0-1

[Event "NED-ch U13 Girls"]
[Site "Rijswijk"]
[Date "2005.05.05"]
[Round "1"]
[White "Schut, Lisa"]
[Black "Snikkers, Tabitha"]
[Result "1-0"]
[WhiteElo "1571"]
[BlackElo "1099"]
[PlyCount "47"]
[EventDate "2005.05.05"]
[EventType "swiss"]
[EventRounds "9"]
[EventCountry "NED"]
[SourceTitle "EXT 2013"]
[Source "ChessBase"]
[SourceDate "2012.11.22"]
[SourceVersion "1"]
[SourceVersionDate "2012.11.22"]
[SourceQuality "1"]

1. e4 c5 2. Nf3 d6 3. d4 cxd4 4. Nxd4 Nf6 5. Nc3 g6 6. Be3 Bg7 7. f3 0-0 8. Qd2 Bd7 9. 0-0-0 Nc6 10. g4 a5 11. h4 a4 12. a3 Nxd4 13. Bxd4 Bc6 14. h5 e5 15. Be3 Qc7 16. hxg6 fxg6 17. Bc4+ Kh8 18. g5 Nd7 19. Rxh7+ Kxh7 20. Rh1+ Bh6 21. Rxh6+ Kg7 22. Rh7+ Kxh7 23. Qh2+ Kg7 24. Qh6# 1-0

[Event "NED-ch U13 Girls"]
[Site "Rijswijk"]
[Date "2005.05.05"]
[Round "2"]
[White "Snikkers, Tabitha"]
[Black "Vendelbosch, Anouk"]
[Result "1-0"]
[WhiteElo "1099"]
[BlackElo "966"]
[PlyCount "87"]
[EventDate "2005.05.05"]
[EventType "swiss"]
[EventRounds "9"]
[EventCountry "NED"]
[SourceTitle "EXT 2013"]
[Source "ChessBase"]
[SourceDate "2012.11.22"]
[SourceVersion "1"]
[SourceVersionDate "2012.11.22"]
[SourceQuality "1"]

1. c4 e5 2. d3 Nc6 3. Nf3 Nf6 4. g3 Bc5 5. Bg2 d6 6. 0-0 Bg4 7. Nc3 h6 8. Qb3 Nd4 9. Nxd4 Bxd4 10. Qxb7 0-0 11. Qb3 Rb8 12. Qc2 Bxc3 13. bxc3 d5 14. cxd5 Nxd5 15. c4 Nf6 16. Be3 Qd7 17. Bxa7 Rbd8 18. Bc5 Rfe8 19. a4 Re6 20. Rab1 Ra6 21. Rb4 Ra5 22. Rb5 Ra6 23. Be3 Re6 24. Rfb1 Ree8 25. Rc5 Re6 26. Rb7 Rc8 27. Bd5 Re7 28. Qb2 Qe8 29. Qb5 Qxb5 30. Rcxb5 Ree8 31. Ba7 c6 32. Bxf7+ Kf8 33. R5b6 Red8 34. Bg6 Bxe2 35. Rf7+ Kg8 36. Rbb7 Ne8 37. Rfe7 Bg4 38. Bxe8 Rxe8 39. Rxg7+ Kh8 40. Rh7+ Kg8 41. Rbg7+ Kf8 42. Bc5+ Re7 43. Rxe7 Kg8 44. Reg7# 1-0